Output in the construction industry (Record no. 112628)

MARC details
000 -LEADER
fixed length control field 01361cad a22002175a 4500
001 - CONTROL NUMBER
control field L153643
008 - FIXED-LENGTH DATA ELEMENTS--GENERAL INFORMATION
fixed length control field 110812e20110513xxkd f s f000 0 eng d
035 ## - SYSTEM CONTROL NUMBER
System control number (Sirsi) u153643
041 0# - LANGUAGE CODE
Language code of text/sound track or separate title eng
110 1# - MAIN ENTRY--CORPORATE NAME
Corporate name or jurisdiction name as entry element United Kingdom
Subordinate unit Office of National Statistics
9 (RLIN) 2035
245 00 - TITLE STATEMENT
Title Output in the construction industry
Remainder of title second quarter 2011
Medium [electronic resource]
260 ## - PUBLICATION, DISTRIBUTION, ETC.
Place of publication, distribution, etc. [S.l.]
Name of publisher, distributor, etc. ONS
Date of publication, distribution, etc. 2011
490 ## - SERIES STATEMENT
Series statement ONS Statistical Bulletin
Volume/sequential designation (Second quarter 2011) 12 August 2011
520 ## - SUMMARY, ETC.
Summary, etc. Headline statistics are: the total volume of construction output in the second quarter of 2011 rose by 2.3 per cent compared with the first quarter of 2011; the total volume of construction output in the second quarter of 2011 rose by 0.8 per cent compared with the same quarter in 2010; all new work rose by 3.1 per cent and repair and maintenance rose by 0.7 per cent; all new work increased by 0.3 per cent and repair and maintenance (R&M) increased by 1.8 per cent compared with the same quarter in 2010.
590 ## - LOCAL NOTE (RLIN)
Local note KA
650 24 - SUBJECT ADDED ENTRY--TOPICAL TERM
Topical term or geographic name entry element ONS NEW CONSTRUCTION ORDERS
651 #4 - SUBJECT ADDED ENTRY--GEOGRAPHIC NAME
Geographic name Great Britain
Chronological subdivision 1707-
690 ## - LOCAL SUBJECT ADDED ENTRY--TOPICAL TERM (OCLC, RLIN)
Topical term or geographic name as entry element BUILT ENVIRONMENT-CONSTRUCTION MARKET
856 40 - ELECTRONIC LOCATION AND ACCESS
Uniform Resource Identifier <a href="https://www.ons.gov.uk/ons/rel/construction/output-in-the-construction-industry/june-and-q2-2011/output-in-the-construction---q2-2011.pdf">https://www.ons.gov.uk/ons/rel/construction/output-in-the-construction-industry/june-and-q2-2011/output-in-the-construction---q2-2011.pdf</a>
Public note View the website free of charge at www.ons.gov.uk
942 ## - ADDED ENTRY ELEMENTS (KOHA)
Suppress in OPAC 0
Holdings
Withdrawn status Lost status Source of classification or shelving scheme Damaged status Not for loan Home library Current library Shelving location Date acquired Total Checkouts Full call number Barcode Date last seen Copy number Price effective from Koha item type
    Dewey Decimal Classification     Virtual Virtual Online 12/08/2011   ONLINE PUBLICATION 153643-2001 06/08/2019 1 06/08/2019 Book